Statistics for Taylor Swift - thanK you aIMee (Lyrics)

Click here to take the quiz!

General Stats

  • This quiz has been taken 22 times
  • The average score is 339 of 412

Answer Stats

Answer% Correct
a
100%
A
100%
aIMee
100%
aIMee'
100%
But
100%
dead
100%
home
100%
I
100%
is
100%
know
100%
me
100%
mother
100%
my
100%
saintly
100%
say
100%
she
100%
ThanK
100%
'thanK
100%
That
100%
that
100%
the
100%
then
100%
to
100%
us
100%
used
100%
were
100%
wished
100%
woman
100%
you
100%
about
91%
All
91%
all
91%
and
91%
And
91%
'fucK
91%
in
91%
kid
91%
made
91%
So
91%
so
91%
song
91%
statue
91%
way
91%
your
91%
Your
91%
be
82%
bronze,
82%
can't
82%
changed
82%
comes
82%
Everyone
82%
for
82%
forget
82%
forgive
82%
hometown
82%
It
82%
it
82%
knows
82%
night
82%
of
82%
only
82%
Screamed,
82%
singing
82%
sky
82%
there
82%
two
82%
was
82%
As
73%
at
73%
been
73%
building
73%
clues,
73%
day
73%
defining
73%
don't
73%
down
73%
Each
73%
each
73%
feel
73%
gonna
73%
head,
73%
head
73%
heal
73%
I'd
73%
name
73%
one
73%
picture
73%
punches
73%
push
73%
real
73%
something
73%
tanned
73%
There's
73%
this
73%
throwing
73%
time
73%
up
73%
when
73%
When
73%
you've
73%
always
64%
any
64%
baby
64%
blood
64%
built
64%
Cause
64%
find
64%
gushing
64%
hadn't
64%
hill,
64%
If
64%
laughing
64%
legacy
64%
local
64%
mind
64%
much
64%
nothing
64%
Or
64%
our
64%
pain
64%
paper
64%
pushed
64%
ringing
64%
same
64%
school
64%
songs
64%
spray-
64%
stairs
64%
step
64%
still
64%
take
64%
think
64%
thousand
64%
uncool
64%
undo
64%
wasn't
64%
wouldn't
64%
wrote
64%
black
55%
boulder
55%
clean
55%
could
55%
couldn't
55%
dreamed
55%
fair
55%
fight
55%
headlines
55%
here
55%
maybe
55%
moment
55%
never
55%
plaque
55%
searing
55%
show
55%
town
55%
truth
55%
underneath
55%
wait
55%
across
45%
are
45%
blue
45%
from
45%
grave
45%
just
45%
Kill
45%
stomped
45%
threatens
45%
words
45%
beat
36%
count
36%
reframed
36%
scars
36%
small
36%
spirit
36%
stars
36%
stunning
36%
looks
27%
prayed
27%

Score Distribution

Percentile by Number Answered

Percent of People with Each Score

Your Score History

You have not taken this quiz